Teaching English in the primary classroom

Bewaard in:
Bibliografische gegevens
Hoofdauteur: Susan Halliwell
Formaat: Boek
Taal:Undetermined
Gepubliceerd in: London Longman 1998
Onderwerpen:
Tags: Voeg label toe
Geen labels, Wees de eerste die dit record labelt!
Thư viện lưu trữ: Trung tâm Học liệu Trường Đại học Cần Thơ
LEADER 00557nam a2200193Ia 4500
001 CTU_35047
008 210402s9999 xx 000 0 und d
020 |b 45.000đ 
082 |a 428.24 
082 |b H191 
100 |a Susan Halliwell 
245 0 |a Teaching English in the primary classroom 
245 0 |c Susan Halliwell 
260 |a London 
260 |b Longman 
260 |c 1998 
650 |a english language - study and teaching ( primary ) - foreign speakers 
904 |i Minh, 000215 
980 |a Trung tâm Học liệu Trường Đại học Cần Thơ